| 000 | 01714cam a22004814i 4500 | ||
|---|---|---|---|
| 003 | PE-LiUPU | ||
| 005 | 20250731165518.0 | ||
| 008 | 150623s1995 pe r 000 0 d | ||
| 035 | _a(Sirsi) a25377 | ||
| 040 |
_aPE-LiUPU _bspa _cPE-LiUPU _erda |
||
| 082 | 0 | 4 |
_a016.630 985 _bR718 _221 |
| 100 | 1 |
_aAgreda Ugás, Víctor, _eautor. |
|
| 245 | 1 | 0 |
_aComercialización agropecuaria en el Perú / _cVíctor Agreda Ugaz. |
| 264 | 1 |
_aLima : _bComisión de Coordinación de Tecnología Andina CCTA, _c1995. |
|
| 300 |
_a120 páginas ; _c21 cm. |
||
| 336 |
_atext _2rdacontent |
||
| 337 |
_aunmediated _2rdamedia |
||
| 338 |
_avolume _2rdacarrier |
||
| 490 | 0 |
_aRecopilación y análisis de bibliografía temática ; _v8 |
|
| 505 | 0 | _aLa investigación sobre comercialización agropecuaria en el Perú. Bibliografía recopilada. | |
| 526 | _aSEG44 | ||
| 526 | _aSEG26 | ||
| 526 | _aP151 | ||
| 526 | _aP150 | ||
| 526 | _aP149 | ||
| 526 | _aP146 | ||
| 526 | _aP145 | ||
| 526 | _aP126 | ||
| 526 | _aP125 | ||
| 526 | _aP92 | ||
| 526 | _aP75 | ||
| 526 | _aP74 | ||
| 526 | _aP27 | ||
| 526 | _aP15 | ||
| 650 | 0 | 4 |
_aAgricultura _zPerú. |
| 650 | 0 | 4 |
_aEmpresas agropecuarias _zPerú _vEnsayos, conferencias, etc. |
| 650 | 0 | 4 |
_aAgricultura _xAspectos económicos _zPerú. |
| 942 |
_2ddc _cBOOK |
||
| 949 |
_a016.630 985 R71 8 _wDEWEY _c1 _i50471 _lCCODEBUL1 _mBUL _p00.00 _r0 _sY _tBOOK _u2015-06-24 _xINGENIERIA _zUNKNOWN _0COMPRA _o.STAFF. Colección General |
||
| 596 | _a1 | ||
| 999 |
_a016.630 985 R71 8 _wDEWEY _c32291 _i50471 _f2021-11-4 _g6 _lCCODEBUL1 _mBUL _p10.00 _r0 _sY _tBOOK _u2015-6-24 _xBIBLIOTECA _zUNKNOWN _0COMPRA _o.STAFF. Colección General _d32291 |
||
| 980 |
_81 _gALBERTO SANCHEZ Responsable de Automatización |
||